| 000 | 00470nam a2200193Ia 4500 | ||
|---|---|---|---|
| 008 | 170918s9999 xx 000 0 und d | ||
| 020 | _a9780545231367 | ||
| 050 | _bR989 2011 | ||
| 100 | _aRyan, Pam Muñoz | ||
| 245 | _aTony baloney / | ||
| 245 | _cPam Muñoz Ryan and Edwin Fotheringham. | ||
| 260 | _aNew York : | ||
| 260 | _bScholastic, | ||
| 260 | _c2011 | ||
| 300 | _aunpaged : | ||
| 300 | _bcolored illustration ; | ||
| 300 | _c23cm. | ||
| 500 | _a880 | ||
| 999 |
_c341988 _d341988 |
||